Financie verejnoprospešných činností na komunálnej úrovni s konkrétnou aplikáciou na vybranú obec diplomová práca

Na minha lista:
Detalhes bibliográficos
Autor principal: Kompiš, Eduard
Autor Corporativo: Národohospodárska fakulta EU. Katedra financií
Outros Autores: Belanová, Katarína, 1978-
Formato: Livro
Idioma:eslovaco
Publicado em: Bratislava 2008
Tags: Adicionar Tag
Sem tags, seja o primeiro a adicionar uma tag!

MARC

LEADER 00000nam$a2200000$$$4500
001 0078726
005 20240201115116.0
041 0 |a slo 
044 |a SK 
245 1 0 |a Financie verejnoprospešných činností na komunálnej úrovni s konkrétnou aplikáciou na vybranú obec  |b diplomová práca  |c Eduard Kompiš ; škol. Katarína Belanová 
264 1 |a Bratislava  |c 2008 
300 |a 62 s. 
100 1 |a Kompiš, Eduard 
700 1 |a Belanová, Katarína, 1978- 
710 2 |a Národohospodárska fakulta EU. Katedra financií